000 00676nam a22002057a 4500
003 OSt
005 20160514111024.0
008 160511s2016 ua g b 000 0 ara d
020 _a9789774952227
040 _aMa-Un
_bara
_cDar Arab
082 0 4 _221
_a956.9
_bع ف إ
100 1 _aعلي، فؤاد حسنين
_955523
245 1 _aإسرائيل عبر التاريخ /
_cفؤاد حسانين علي.
250 _aط. 1.
260 _aالقاهرة :
_bدار العالم العربي،
_c2016.
300 _a228 ص. ؛
_c24 سم.
504 _aيشتمل علي إرجاعات ببليوجرافية.
651 4 _aإسرائيل
_xتاريخ
_955793
942 _cBOOK
999 _c39527
_d274027